<?xml version="1.0" encoding="UTF-8"?>
<collection xmlns="http://www.loc.gov/MARC21/slim">
  <record>
    <leader>00000nam  2200000   4500</leader>
    <controlfield tag="001">INLIS000000000020357</controlfield>
    <controlfield tag="005">20250616104919</controlfield>
    <datafield tag="035" ind1="#" ind2="#">
      <subfield code="a">0010-0625000099</subfield>
    </datafield>
    <controlfield tag="007">ta</controlfield>
    <controlfield tag="008">250616################|##########|#|##</controlfield>
    <datafield tag="084" ind1="#" ind2="#">
      <subfield code="a">R 079 PKN II 2023</subfield>
    </datafield>
    <datafield tag="100" ind1=" " ind2="#">
      <subfield code="a">Asim Saputra</subfield>
    </datafield>
    <datafield tag="245" ind1="1" ind2="#">
      <subfield code="a">Kolaborasi Pentahelix untuk Mewujudkan Kualitas Satu Data Bagi Penanganan Climate Change Menuju Sulawesi Utara Maju dan Sejahtera (Sikat Data) /</subfield>
      <subfield code="c">Asim Saputra</subfield>
    </datafield>
    <datafield tag="260" ind1="#" ind2="#">
      <subfield code="a">Jakarta :</subfield>
      <subfield code="b">Pusbangkom Pimnas dan Manajerial ASN,</subfield>
      <subfield code="c">2023</subfield>
    </datafield>
    <datafield tag="300" ind1="#" ind2="#">
      <subfield code="a">40 hlm. ;</subfield>
      <subfield code="c">30 cm</subfield>
    </datafield>
    <datafield tag="650" ind1="#" ind2="4">
      <subfield code="a">Satu Data</subfield>
    </datafield>
    <datafield tag="520" ind1="#" ind2="#">
      <subfield code="a">Undang-Undang Nomor 16 Tahun 1997 tentang Statistik, memberikan wewenang kepada Badan Pusat Statistik (BPS) untuk menyelenggarakan kegiatan statistik  dengan cara sensus, survei, kompilasi produk administrasi, dan cara lain, serta mengumumkan hasilnya secara berkala atau sewaktu-waktu dan terbuka kepada masyarakat baik instansi pemerintah, lembaga swasta, lembaga swadaya masyarakat ataupun perorangan. Pada jangka pendek telah terbangun aplikasi Portal My SDI-SIKAT DATA merupakan portal kolaborasi pentahelix yang mengintegrasikan seluruh data sektoral pemerintah (K/L/D/I), swasta, masyarakat/LSM, perguruan tinggi dengan melakukan transformasi tata kelola satu data yang lebih terpadu dan menjalankan 4 prinsip SDI. MY SDI SIKAT DATA dilengkapi fitur rekomendasi statistik, pelayanan konsultasi dan diseminasi data.</subfield>
    </datafield>
    <datafield tag="990" ind1="#" ind2="#">
      <subfield code="a">2407079</subfield>
    </datafield>
  </record>
</collection>
